000 00499nam a2200181Ia 4500
003 GCL
008 140319s9999 xx 000 0 eng d
040 _aGCL /
_cGCL
082 0 4 _a810.9
_bH C
100 1 _aHART,JAMES D.
245 1 0 _aTHE CONCISE OXFORD COMPANION TO AMERICAN LITERATURE /
_cHART,JAMES D.
260 _a[S.N] :
_bOXFORD UNIVERSITY PRESS ،
_c1986
300 _a497 P
650 0 4 _aDICTIONARIES
650 0 4 _aAMERICAN LITERATURE
650 0 4 _aBIO - BIBOGRAPHY
942 _2ddc
_cBK
999 _c11268
_d11268